[Event "Isfahan Province-ch"]
[Site "Esfahan"]
[Date "2011.07.20"]
[Round "6"]
[White "Sharifpanahi, Farhad"]
[Black "Haghayegh, Jamshah"]
[Result "0-1"]
[WhiteElo "1901"]
[BlackElo "2026"]
[PlyCount "72"]
[EventDate "2011.07.16"]
[EventType "swiss"]
[EventRounds "9"]
[EventCountry "IRI"]
[SourceTitle "EXT 2012"]
[Source "ChessBase"]
[SourceDate "2011.11.24"]
[SourceVersion "1"]
[SourceVersionDate "2011.11.24"]
[SourceQuality "1"]

1. d4 Nf6 2. c4 e6 3. Nc3 Bb4 4. Qc2 d5 5. Nf3 0-0 6. Bg5 Nbd7 7. cxd5 exd5 8. e3 c6 9. Bd3 Qa5 10. 0-0 h6 11. Bh4 Re8 12. a3 Be7 13. b4 Qd8 14. Bg3 Nf8 15. b5 c5 16. dxc5 Bxc5 17. Rfd1 Qe7 18. a4 Bg4 19. Be2 Rac8 20. Qb3 Bxe3 21. Nxd5 Nxd5 22. Bc4 Nb6 23. Bd3 Bxf3 24. gxf3 Bd4 25. Rac1 Rxc1 26. Rxc1 Ne6 27. a5 Rc8 28. Rxc8+ Nxc8 29. Qd5 Bc5 30. a6 bxa6 31. bxa6 Qd8 32. Qe4 g6 33. Bc4 Nd6 34. Bxd6 Qxd6 35. h4 Qg3+ 36. Kh1 Bxf2 0-1

[Event "Isfahan Province-ch"]
[Site "Esfahan"]
[Date "2011.07.18"]
[Round "4"]
[White "Ghaledar, Faraz"]
[Black "Sharifpanahi, Farhad"]
[Result "0-1"]
[WhiteElo "2088"]
[BlackElo "1901"]
[PlyCount "124"]
[EventDate "2011.07.16"]
[EventType "swiss"]
[EventRounds "9"]
[EventCountry "IRI"]
[SourceTitle "EXT 2012"]
[Source "ChessBase"]
[SourceDate "2011.11.24"]
[SourceVersion "1"]
[SourceVersionDate "2011.11.24"]
[SourceQuality "1"]

1. e4 c5 2. Nf3 e6 3. d4 cxd4 4. Nxd4 Nf6 5. Nc3 d6 6. Bc4 Be7 7. Be3 a6 8. f3 Qc7 9. Bb3 Nc6 10. Qd2 Nxd4 11. Bxd4 b5 12. 0-0-0 Bd7 13. g4 a5 14. Rhe1 a4 15. Bd5 exd5 16. Nxd5 Nxd5 17. exd5 f6 18. Qe3 0-0 19. Bb6 Qb7 20. Qxe7 Ra6 21. Bf2 Re8 22. Qxe8+ Bxe8 23. Rxe8+ Kf7 24. Re6 b4 25. Rd3 Qb5 26. Re4 Ra8 27. Kd2 Rc8 28. b3 axb3 29. axb3 Qa5 30. Rdd4 Qa1 31. Rc4 Rxc4 32. Rxc4 Qe5 33. Bg3 Qxd5+ 34. Ke2 Qe6+ 35. Kf2 Qd5 36. Ke2 Qe6+ 37. Kf2 d5 38. Rc7+ Kg6 39. h4 h6 40. Bf4 Qb6+ 41. Kg2 Qb5 42. h5+ Kh7 43. Kf2 Qb6+ 44. Kg2 Qe6 45. Kg3 Qe1+ 46. Kg2 Qe2+ 47. Kg3 Kg8 48. Bd6 Qe6 49. Bf4 d4 50. Rc4 Qe1+ 51. Kg2 Qe2+ 52. Kg3 Qd1 53. Bd6 Qg1+ 54. Kh3 Qf2 55. Bg3 Qf1+ 56. Kh2 Qxf3 57. Rxd4 Qe2+ 58. Kh3 Qxc2 59. Rxb4 Qc6 60. Rb8+ Kf7 61. Rb4 Qh1+ 62. Bh2 Qf1+ 0-1

[Event "Armen Norouz Cup 1st"]
[Site "Esfahan"]
[Date "2011.03.29"]
[Round "7"]
[White "Sharifpanahi, Farhad"]
[Black "Haghayegh, Jamshah"]
[Result "1/2-1/2"]
[WhiteElo "1930"]
[BlackElo "2054"]
[PlyCount "80"]
[EventDate "2011.03.25"]
[EventType "swiss"]
[EventRounds "9"]
[EventCountry "IRI"]
[SourceTitle "CBM 141 Extra"]
[Source "ChessBase"]
[SourceDate "2011.05.03"]
[SourceVersion "1"]
[SourceVersionDate "2011.05.03"]
[SourceQuality "1"]

1. d4 Nf6 2. c4 e6 3. Nc3 Bb4 4. Qc2 c5 5. dxc5 Bxc5 6. Nf3 Nc6 7. a3 Nd4 8. Nxd4 Bxd4 9. Bf4 Bxc3+ 10. Qxc3 0-0 11. g3 d5 12. Bg2 dxc4 13. Qxc4 Qe7 14. 0-0 e5 15. Be3 Be6 16. Qb5 Bd7 17. Qxb7 Rfb8 18. Qc7 e4 19. Bc5 Qe6 20. b4 Bb5 21. Rfe1 Qa6 22. Bd4 Re8 23. Qf4 Qe6 24. Qg5 Bc6 25. Rac1 h6 26. Qc5 Rec8 27. Bxf6 Qxf6 28. Bh3 Bd7 29. Qh5 e3 30. f3 Bxh3 31. Qxh3 Rc3 32. Ra1 Rd8 33. Qh5 Rd2 34. Qb5 Kh7 35. Kf1 Rcc2 36. Rac1 Qxf3+ 37. exf3 Rf2+ 38. Kg1 Rg2+ 39. Kh1 Rxh2+ 40. Kg1 Rcg2+ 1/2-1/2

[Event "Armen Norouz Cup 1st"]
[Site "Esfahan"]
[Date "2011.03.28"]
[Round "5"]
[White "Sharifpanahi, Farhad"]
[Black "Khaje Hesamedini, Ali"]
[Result "0-1"]
[WhiteElo "1930"]
[BlackElo "2151"]
[PlyCount "74"]
[EventDate "2011.03.25"]
[EventType "swiss"]
[EventRounds "9"]
[EventCountry "IRI"]
[SourceTitle "CBM 141 Extra"]
[Source "ChessBase"]
[SourceDate "2011.05.03"]
[SourceVersion "1"]
[SourceVersionDate "2011.05.03"]
[SourceQuality "1"]

1. e4 e5 2. Nf3 Nc6 3. Bc4 Nf6 4. d3 Be7 5. Nbd2 d6 6. c3 0-0 7. Nf1 Na5 8. Bb5 a6 9. Ba4 b5 10. Bc2 c5 11. Ng3 Nc6 12. 0-0 h6 13. d4 cxd4 14. cxd4 Bg4 15. Be3 Rc8 16. d5 Na5 17. b3 Re8 18. Qd2 Bf8 19. Bd3 Kh7 20. Rfc1 g6 21. Rxc8 Bxc8 22. Rc1 Nb7 23. b4 Ng4 24. Ba7 h5 25. Qc3 Bh6 26. Rc2 h4 27. Ne2 h3 28. g3 Qf6 29. Ne1 Rf8 30. a4 Nc5 31. Bxc5 dxc5 32. f4 c4 33. Bxc4 Qb6+ 34. Nd4 exd4 35. a5 Qa7 36. Qd3 bxc4 37. Rxc4 Bg7 0-1

[Event "Armen Norouz Cup 1st"]
[Site "Esfahan"]
[Date "2011.03.27"]
[Round "4"]
[White "Ghaledar, Faraz"]
[Black "Sharifpanahi, Farhad"]
[Result "1/2-1/2"]
[WhiteElo "2022"]
[BlackElo "1930"]
[PlyCount "112"]
[EventDate "2011.03.25"]
[EventType "swiss"]
[EventRounds "9"]
[EventCountry "IRI"]
[SourceTitle "CBM 141 Extra"]
[Source "ChessBase"]
[SourceDate "2011.05.03"]
[SourceVersion "1"]
[SourceVersionDate "2011.05.03"]
[SourceQuality "1"]

1. d4 e6 2. c4 f5 3. g3 Nf6 4. Bg2 Be7 5. Nh3 0-0 6. 0-0 d6 7. b3 a5 8. Bb2 Na6 9. Nd2 c6 10. Nf4 Bd7 11. e4 Nc7 12. e5 dxe5 13. dxe5 Ng4 14. h3 Nh6 15. Nf3 Qe8 16. h4 Nf7 17. Qe2 c5 18. Rad1 Bc6 19. Rd2 Rd8 20. Rfd1 Rxd2 21. Qxd2 Qa8 22. Qe2 Rd8 23. Ra1 Rd7 24. Ne1 Bxg2 25. Nexg2 a4 26. Bc3 Qa6 27. g4 fxg4 28. Qxg4 Nh6 29. Qf3 Nf5 30. h5 Nd4 31. Bxd4 cxd4 32. Rd1 b5 33. cxb5 Qxb5 34. Qe4 axb3 35. axb3 Qxb3 36. Rxd4 Rxd4 37. Qxd4 Qb5 38. Qe4 Bg5 39. Nh3 Be7 40. Ne3 Nd5 41. Nc4 Qb3 42. Qg4 Qb1+ 43. Kg2 Qf5 44. Qxf5 exf5 45. f4 Kf7 46. Na5 Ke6 47. Nb3 g6 48. Nd4+ Kf7 49. Kf3 Nc7 50. hxg6+ hxg6 51. Nc6 Bh4 52. Nd4 Ne6 53. Nb5 Be7 54. Ke3 g5 55. fxg5 Nxg5 56. e6+ Kxe6 1/2-1/2